Los recursos del relato: conversaciones sobre Filosofía de la Historia y Teoría Historiográfica
Guardado en:
| Autor principal: | |
|---|---|
| Formato: | Libro |
| Lenguaje: | español |
| Publicado: |
Santiago, Chile
Universidad de Chile
2010
|
| Colección: | Colección Teoría,
24 |
| Materias: | |
| Etiquetas: |
Agregar Etiqueta
Sin Etiquetas, Sea el primero en etiquetar este registro!
|
MARC
| LEADER | 00000nam a2200000 a 4500 | ||
|---|---|---|---|
| 001 | UCG5216 | ||
| 003 | CL-VaPUC | ||
| 005 | 20210604001513.0 | ||
| 008 | 110113e20100000CL |||||||||||||||||spa|d | ||
| 999 | |c 343780 |d 343778 | ||
| 020 | |a 9789561906891 | ||
| 040 | |c Pontificia Universidad Católica de Valparaíso | ||
| 082 | 0 | 4 | |a 901 ARA 2010 |2 21 |
| 100 | 0 | |a Aravena Núñez, Pablo |e author |9 554831 | |
| 245 | 1 | 4 | |a Los recursos del relato: |b conversaciones sobre Filosofía de la Historia y Teoría Historiográfica |
| 260 | |a Santiago, Chile |b Universidad de Chile |c 2010 | ||
| 300 | |a 222 páginas | ||
| 490 | 0 | |a Colección Teoría, |v 24 | |
| 583 | |a last modification |c 20121001 12:29:29 |k Rodrigo Vera | ||
| 650 | 0 | |a Filosofía de la historia |9 265651 | |
| 650 | 0 | |a Historia moderna |9 268036 | |
| 650 | 7 | |a MEMORIAS |2 CL-VaPUC |9 269159 |z CHILE | |
| 650 | 0 | |a Historiografía |z CHILE |9 257871 | |
| 852 | |a BIBCUR | ||
| 942 | |c BK |2 ddc | ||
| 945 | |d 20110113 00:00:00 |a dcastane | ||
| 952 | |0 0 |1 0 |2 ddc |4 0 |6 901_000000000000000_ARA_2010 |7 0 |8 A |9 441369 |a BIBHIS |b BIBHIS |d 2019-11-22 |i 4746783 |l 1 |o 901 ARA 2010 |p 4746783 |r 2025-01-20 |s 2024-11-22 |t 1 |w 2019-11-22 |y BK |k HIS | ||